| 000 | 01087nas a22003377a 4500 | ||
|---|---|---|---|
| 003 | CHAP | ||
| 005 | 20220329143305.0 | ||
| 008 | 080222d200500 co r 00110 spa d | ||
| 010 | _a94479 | ||
| 011 | _a95451 | ||
| 020 | _a5680484872 | ||
| 035 | _a106077 | ||
| 040 | _cCHAP | ||
| 082 | 0 | 4 |
_a861 _bJ5 |
| 100 | 1 |
_aJiménez, David _e, comp. _961688 |
|
| 245 | 1 | 0 |
_aAntología de la poesía colombiana y a propósito de la poesía colombiana _c/comp. por David Jiménez |
| 260 |
_aBogotá : _bNorma, _c2005 |
||
| 300 | _a194, 137 p. | ||
| 490 | 0 | _aColección cara y cruz | |
| 590 |
_aBATCH-UPD _b10 _c20130110 _lUCH01 _h0711 |
||
| 590 |
_aBATCH-UPD _b10 _c20130410 _lUCH01 _h0357 |
||
| 590 |
_aBATCH-UPD _b10 _c20130914 _lUCH01 _h1003 |
||
| 590 |
_aCONVERSION _b10 _c20130109 _lUCH01 _h1352 |
||
| 650 | 1 | 4 |
_aLiteratura colombiana. _967122 |
| 650 | 1 | 4 |
_aPoesía lírica _xHistoria. _990145 |
| 650 | 1 | 4 |
_aPoesía. _990141 |
| 830 | 0 |
_aColección cara y cruz _924730 |
|
| 901 | _aSE | ||
| 942 | _cLIBRO | ||
| 949 |
_a861 J5 _bBC _cLIBRO _d33724002049248 _eLIBRO _gI.c/e _h109082 _i106077 _si _t$120.00 |
||
| 999 |
_c94479 _d94479 |
||